|
|
|
|
| LEADER |
00000nab a2200000 a 4500 |
| 001 |
vtls009082458 |
| 003 |
SK-MaSNL |
| 005 |
20260318043904.0 |
| 008 |
070724c20070717xo mr| 0 0slo |
| 038 |
|
|
|a RVGKPD
|
| 040 |
|
|
|a RVGKPD
|b slo
|c RVGKPD
|e AACR2
|
| 041 |
|
|
|a slo
|
| 044 |
|
|
|a xo
|c SK
|
| 080 |
|
|
|a 796.332
|2 1997
|
| 100 |
1 |
|
|a Csobádi, Karol,
|d 1956-2016
|4 aut
|9 1634959
|
| 245 |
1 |
0 |
|a V oboch finálových stretnutiach rozhodovali penalty
|c Karol Csobádi
|
| 300 |
|
|
|b Fotogr.
|
| 610 |
2 |
7 |
|a ŠK Kovstav Rožňava (Rožňava, Slovensko)
|2 rvgkpd
|9 1066217
|
| 611 |
2 |
7 |
|a Turnaj v malom futbale Kovstav Cup
|n (5. :
|d 2007 :
|c Nadabula, Slovensko)
|2 rvgkpd
|9 1066218
|
| 650 |
0 |
7 |
|a futbal
|2 rvgkpd
|9 3291
|
| 650 |
0 |
7 |
|a turnaje
|2 rvgkpd
|9 29773
|
| 651 |
|
7 |
|a Rožňava (Slovensko)
|2 rvgkpd
|9 17394
|
| 651 |
|
7 |
|a Nadabula (Rožňava, Slovensko)
|2 rvgkpd
|9 58491
|
| 773 |
0 |
|
|t Korzár : Gemerský denník
|g Roč. IX, č. 163 (17.7.2007), s. 12
|x 1335-7581
|
| 852 |
|
|
|a RVGKPD
|b KIS3G
|
| 992 |
|
|
|a RBX
|
| 999 |
|
|
|c 1752490
|d 1754420
|